000 00574nam a2200181Ia 4500
008 131103s9999 xx 000 0 und d
040 _aLoreto College
041 _aEnglish
082 _a419/MAT/419/HUM
_bLCLIB/21281
245 4 _aThe Human dialogue
_b perspectives on communication
_cedited by Floyd W.Matson and Ashley Montagu
260 _aNew York
_bThe Free Press
_cc 1967
300 _axx,595 p.
_c 24 cm.
504 _aIncludes bibliographical references and index
650 _aSign Language
700 _aMatson,Floyd,W.,ed.
850 _aLCLIB
942 _cBK
999 _c7950
_d58429